000 02292nam a22005538c 4500
001 1328421848
003 DE-101
005 20240611120314.0
007 tu
008 240506s2024 gw ||||| |||| 00||||ger
015 _a24,N20
_2dnb
016 7 _2DE-101
_a1328421848
020 _a9783864083303
_c: EUR 18.00 (DE), EUR 18.50 (AT)
020 _a3864083303
024 3 _a9783864083303
035 _a(DE-599)DNB1328421848
035 _a(OCoLC)1433980992
040 _a1145
_bger
_cDE-101
_dDE-2950
041 _ager
044 _cXA-DE-BE
082 7 4 _83\p
_a900
_qDE-101
_223sdnb
100 1 _81\p
_0(DE-588)115660461
_0https://d-nb.info/gnd/115660461
_0(DE-101)115660461
_aDuchhardt, Heinz
_d1943-
_eVerfasser
_4aut
245 1 0 _aRankes Entourage:
_bFreunde, Schüler, Kollegen - und eine Frau /
_cHeinz Duchhardt
264 1 _aBerlin:
_bVergangenheitsverlag,
_c2024
300 _a170 Seiten
_c19 cm x 12 cm, 150 g
336 _aText
_btxt
_2rdacontent
337 _aohne Hilfsmittel zu benutzen
_bn
_2rdamedia
338 _aBand
_bnc
_2rdacarrier
490 _aNeue Aspekte der Ranke-Forschung;
_vBd. 4
505 _aDarin: Die Frankfurter Ranke-WG. S. 39-58
653 _a(Produktform)Paperback / softback
653 _aRanke, Leopold von; Historiker, Geschichtsschreiber, Hochschullehrer, Gymnasiallehrer, Historiker, 1795-1886
653 _aEntourage
653 _aFerdinand Heydler
653 _aFranz Lieber
653 _aFanny Pollau
653 _aRudolf Köpke
653 _aGeorg Winter
653 _aKarl Wilhelm Nitzsch
653 _aGeschichte/Kulturgeschichte
653 _aFriedrichsgymnasium Frankfurt (Oder)
710 2 _82\p
_0(DE-588)106503346X
_0https://d-nb.info/gnd/106503346X
_0(DE-101)106503346X
_aVergangenheitsverlag
_eVerlag
_4pbl
856 4 2 _mX:MVB
_qtext/html
_uhttp://deposit.dnb.de/cgi-bin/dokserv?id=21b8322dc4a44472af306e58c0e27f79&prov=M&dok_var=1&dok_ext=htm
_3Inhaltstext
856 4 2 _mB:DE-101
_qapplication/pdf
_uhttps://d-nb.info/1328421848/04
_3Inhaltsverzeichnis
883 _81\p
_acgwrk
_d20240606
_qDE-101
_uhttps://d-nb.info/provenance/plan#cgwrk
883 1 _82\p
_aadb
_d20240506
_qDE-101
_uhttps://d-nb.info/provenance/plan#adb
883 1 _83\p
_avlb
_d20240506
_qDE-101
_uhttps://d-nb.info/provenance/plan#vlb
942 _2z
_cB
999 _c373160
_d373160